Stručné dějiny české a slovenské literatury pro vyšší třídy středních škol

Bibliographic Details
Main Authors: Kotrč, Josef, 1892-1952 (Author), Kotalík, Josef, 1896-1987 (Author)
Format: Book
Language:Czech
PhysicalDescription:251, [1] s. 8°
Published: Praha Česká grafická unie 1948
Edition:Opravený dotisk prvého vydání pro školní rok 1948/49
Subjects:

MARC

LEADER 00000cam a2200000 a 4500
001 vtls009285206
003 SK-MaSNL
005 20260301222442.0
008 221213s1948 xr 000 0 cze
035 |a urn:nbn:sk:snk-am00dicd 
035 |a urn:nbn:sk:snk-am3i396 
035 |a 4930AE1A-78ED-4018-A3A2-556619C7F3F9 
040 |a SNK  |b slo  |c SNK  |e AACR2 
041 0 |a cze 
044 |a xr  |c CZ 
080 |a 821.162.3(091)  |2 2001 
080 |a 821.162.4(091)  |2 2001 
100 1 |a Kotrč, Josef,  |d 1892-1952  |4 aut  |9 174714 
245 1 0 |a Stručné dějiny české a slovenské literatury pro vyšší třídy středních škol  |c napsali Josef Kotrč a Josef Kotalík 
250 |a Opravený dotisk prvého vydání pro školní rok 1948/49 
260 |a Praha  |b Česká grafická unie  |c 1948 
300 |a 251, [1] s.  |c 8° 
650 0 7 |a česká literatúra  |2 SNKPH  |9 1178 
650 0 7 |a dejiny českej literatúry  |2 SNKPH  |9 83391 
650 0 7 |a slovenská literatúra  |2 SNKPH  |9 1115 
650 0 7 |a slovenská poézia  |2 SNKPH  |9 215422 
655 7 |a učebnice stredných škôl  |2 SNKPH  |9 69323 
700 1 |a Kotalík, Josef,  |d 1896-1987  |4 aut  |9 142762 
954 |a odborná, vedecká literatúra cudzojazyčná (svetová)  |2 lita 
958 |a OND 
958 |a EUIPO 
999 |c 939961  |d 941891 
952 |a SNK  |b SNK  |y VYP  |7 0  |p 17A0585079  |o snkSD 5983 D1  |i snkI. 233/49  |3 rekatalogizácia  |0 0  |1 0  |4 0  |d 2008-04-15  |l 0  |r 2026-02-24 09:15:36  |w 2026-02-24 
952 |a SNK  |b SNK  |y VYP  |7 0  |p 17A0585078  |o snkSD 5983 D2  |i snkVI. 3720/55  |8 1  |3 rekatalogizácia  |0 0  |1 0  |4 0  |d 2008-04-15  |l 0  |r 2026-02-24 09:15:36  |w 2026-02-24 
952 |a SNK  |b SNK  |y VYP  |7 0  |p 17A0585091  |o snkSD 5983 D3-P  |i snkVIII. 2528/54  |3 rekatalogizácia  |0 0  |1 0  |4 0  |d 2008-04-15  |l 0  |r 2026-02-24 09:15:36  |w 2026-02-24 
952 |a SNK  |b SNK  |y PREZ  |7 0  |p 17A0909787  |o snkSD 5983  |i snk4644/48  |0 0  |1 0  |4 0  |d 2018-12-03  |f 1  |l 0  |r 2025-11-13 00:00:00  |w 2026-02-24